000
00269 a2200121 4500
001
63741
082
_a
001.61 COR
090
_c
37718
_d
37718
100
_a
Corman,THomas H
245
_a
Introduction to Algorithms
260
_a
New Delhi
_b
PHI
_c
2000
300
_a
1028
942
_a
caenust
_k
001.61 COR
999
_c
298814
_d
298814